Ñhó dega ñhóñhó de maxei : (Record no. 203462)

MARC details
000 -CABECERA
campo de control de longitud fija 00940nam a2200277 a 4500
003 - IDENTIFICADOR DEL NÚMERO DE CONTROL
campo de control MX-MxUPN
005 - FECHA Y HORA DE LA ÚLTIMA TRANSACCIÓN
campo de control 20240524063655.0
008 - ELEMENTOS DE LONGITUD FIJA--INFORMACIÓN GENERAL
campo de control de longitud fija 190617s1997 mx r 000 0 spa d
020 ## - NÚMERO INTERNACIONAL NORMALIZADO PARA LIBROS
Número Internacional Estándar del Libro 9701809696
035 ## - NÚMERO DE CONTROL DEL SISTEMA
Número de control de sistema UPN01000231367
040 ## - FUENTE DE LA CATALOGACIÓN
Centro catalogador/agencia de origen MX-MxUPN
Lengua de catalogación spa
Centro/agencia transcriptor MX-MxUPN
041 0# - CÓDIGO DE IDIOMA
Código de lengua del texto/banda sonora o título independiente spa
050 14 - SIGNATURA TOPOGRÁFICA DE LA BIBLIOTECA DEL CONGRESO
Número de clasificación LB1578.353 H63
Número de documento/Ítem T74 1997
100 1# - ASIENTO PRINCIPAL--NOMBRE PERSONAL
Nombre de persona Trejo González, María Luisa
9 (RLIN) 39017
100 1# - ASIENTO PRINCIPAL--NOMBRE PERSONAL
Nombre de persona Trejo González, Cirila
9 (RLIN) 52040
245 10 - MENCIÓN DE TÍTULO
Título Ñhó dega ñhóñhó de maxei :
Resto del título lengua hñahñú, Tolimán, Querétaro : tercer grado
250 ## - MENCIÓN DE EDICIÓN
Mención de edición Segunda edición.
260 ## - PUBLICACIÓN, DISTRIBUCIÓN, ETC.
Lugar de publicación, distribución, etc. México, D.F. :
Nombre del editor, distribuidor, etc. Secretaría de Educación Pública,
Fecha de publicación, distribución, etc. 1997.
300 ## - DESCRIPCIÓN FÍSICA
Extensión 199 páginas :
Otras características físicas ilustraciones
650 #4 - ASIENTO SECUNDARIO DE MATERIA - TERMINO TEMATICO
Término de materia o nombre geográfico como elemento de entrada Cartilla hñahñu
9 (RLIN) 7969
650 #4 - ASIENTO SECUNDARIO DE MATERIA - TERMINO TEMATICO
Término de materia o nombre geográfico como elemento de entrada Indígenas de México
Subdivisión geográfica Querétaro
Subdivisión general Lenguas
9 (RLIN) 24939
650 #4 - ASIENTO SECUNDARIO DE MATERIA - TERMINO TEMATICO
Término de materia o nombre geográfico como elemento de entrada Hñahñu
Subdivisión general Estudio y enseñanza (Elemental)
9 (RLIN) 20468
902 ## - ELEMENTOS DE DATOS B LOCAL, LDB (RLIN)
Creó Víctor Ruiz/230524
942 ## - ELEMENTOS DE PUNTO DE ACCESO ADICIONAL (KOHA)
Fuente del sistema de clasificación o colocación Library of Congress Classification
Tipo de ítem Koha Libro
Holdings
Estado de retiro Estado de pérdida Fuente del sistema de clasificación o colocación Estado dañado No para préstamo Código de colección Localización permanente Ubicación/localización actual Ubicación en estantería Fecha de adquisición Clasificación Código de barras Fecha visto por última vez Tipo de ítem Koha
    Library of Congress Classification   Disponible (Préstamo en sala) Libros de texto gratuitos Bib. Gregorio Torres Quintero Bib. Gregorio Torres Quintero Colecciones especiales Planta alta 23/05/2024 LB1578.353 H63 T74 1997 331527 31/12/2020 Libro